| 000 | 01635nam a2200349 a 4500 | ||
|---|---|---|---|
| 001 | BRCA_3057 | ||
| 005 | 20190320204105.0 | ||
| 008 | 230109s1795----be-a---###---#000-0#fre-u | ||
| 041 | _afre | ||
| 044 | _abe | ||
| 084 |
_a363 _b.L44 _c1795 |
||
| 100 | 1 |
_aCervantes Saavedra, Miguel de _d1547-1616 _9213 |
|
| 245 | 1 | 0 |
_aLes Principales Aventures de L´Admirable Don Quichotte _cMiguel de Cervantes Saavedra. |
| 260 |
_aBruselas _bB. Le Francq _c1795 |
||
| 300 |
_aiv, 356 p. _bil. _c40 cm. |
||
| 500 | _aContenido : Primera parte. Advertencia de los editores. Texto explicativo de las láminas. Texto. Segunda parte. Texto | ||
| 500 | _aEdición : Representées en Figures par Coypel, Picart le Romain, et Autres Habiles Maitres; Avec les Explications des XXI Planches de Cette Magnifique Collection, Tirées de L´Original Espagnol | ||
| 500 | _aReimpresión de la edición publicada en Lieja, en 1776. Rústica Lúdovik Osterc | ||
| 500 | _aEstado físico : La encuadernación está sumamente deteriorada y presenta hojas maltratadas | ||
| 500 | _aIncluye índice : De ilustraciones | ||
| 500 | _aQM284 | ||
| 546 | _aTexto en : español | ||
| 650 | 1 | 4 |
_aNovela española _yÉpoca clásica, 1500-1700 _9215 |
| 650 | 1 | 4 |
_aLiteratura española _yÉpoca clásica, 1500-1700 _9216 |
| 650 | 1 | 4 |
_aNovela española _ySiglo XVII _9217 |
| 650 | 1 | 4 |
_aDon Quijote (Personaje ficticio) _eNovela _9218 |
| 700 | 1 |
_aCoypel, Charles-Antoine _d1694-1752 _eIlustrador _98377 |
|
| 700 | 1 |
_aPicart Le Romain, Bernard _d1673-1733 _eIlustrador _98378 |
|
| 740 | 0 | _aEl Ingenioso Hidalgo Don Quijote de la Mancha | |
| 902 | _aQFM | ||
| 942 |
_2lcc _cB |
||
| 999 |
_c2793 _d2793 |
||